[Event "ch-AUT"]
[Site "Hartberg AUT"]
[Date "2004.07.28"]
[Round "5"]
[White "Ferrari,J"]
[Black "Halser,W"]
[Result "1/2-1/2"]
[WhiteElo "2220"]
[BlackElo "2120"]

1.Nf3 d5 2.c4 d4 3.g3 Nc6 4.Bg2 Nf6 5.O-O e5 6.d3 Be7 7.h3 h6 8.e3 O-O 9.exd4 exd4
10.a3 a5 11.b3 Nh7 12.Bb2 Be6 13.Nbd2 Qd7 14.Kh2 f5 15.Re1 Rae8 16.Ra2 Bf7
17.Qc2 Bc5 18.Raa1 Qd6 19.Nh4 g6 20.Ndf3 Qf6 21.Ng1 g5 22.Nhf3 Qd6 23.Qd2 f4
24.Rxe8 Rxe8 25.Ne1 fxg3+ 26.fxg3 Re3 27.Qf2 Ne5 28.Be4 Nf6 29.Bf5 Bg6 30.Bc1 Bxf5
31.Qxf5 Neg4+ 32.Kh1 Rxe1 33.hxg4 Qxg3 34.Qg6+ Kh8 35.Qxf6+ Kg8 36.Qg6+ Kf8
37.Qxh6+ Ke8 38.Qg6+ Kd7 39.Qh7+ Ke8 40.Qh2 Qxg4 41.Bb2 Qf3+ 42.Qg2  1/2-1/2

[Event "Skanska Open"]
[Site "Pardubice CZE"]
[Date "2004.07.29"]
[Round "7"]
[White "Schebler,G"]
[Black "Turov,M"]
[Result "0-1"]
[WhiteElo "2463"]
[BlackElo "2536"]

1.Nf3 d5 2.c4 d4 3.c5 e5 4.Nxe5 Bxc5 5.Qa4+ c6 6.b4 Bb6 7.Bb2 Nf6 8.e3 O-O
9.Bc4 Bc7 10.Nxf7 Rxf7 11.Bxf7+ Kxf7 12.Bxd4 a5 13.Nc3 b5 14.Qb3+ Be6 15.Qb2 axb4
16.Qxb4 Nbd7 17.O-O Qb8 18.Bxf6 Bxh2+ 19.Kh1 Bd6 20.Qe4 Nxf6 21.Qxc6 Bd7
22.Qf3 Bg4 23.Qc6 Bd7 24.Qf3 Qe8 25.d4 Bc6 26.Qh3 Rc8 27.e4 b4 28.e5 Bd7
29.Ne4 Nxe4 30.Qf3+ Nf6 31.exf6 Rc3 32.Qd5+ Qe6 33.Qxe6+ Bxe6 34.d5 Bxd5
35.Rfd1 Rh3+ 36.Kg1 Rh5  0-1

[Event "Skanska Open"]
[Site "Pardubice CZE"]
[Date "2004.07.29"]
[Round "7"]
[White "Socko,B"]
[Black "Klovans,J"]
[Result "1-0"]
[WhiteElo "2554"]
[BlackElo "2456"]

1.Nf3 d5 2.c4 e6 3.e3 Nf6 4.b3 Be7 5.g3 c5 6.Bg2 Nc6 7.O-O O-O 8.Bb2 b6 9.Nc3 Bb7
10.cxd5 Nxd5 11.Nxd5 Qxd5 12.d4 Na5 13.Rc1 Rfd8 14.Ba3 Qf5 15.Qe2 Be4 16.Rfd1 g5
17.dxc5 bxc5 18.Rxd8+ Rxd8 19.Nd4 cxd4 20.Bxe4 Qxe4 21.Bxe7 Rd5 22.Bf6 h6
23.Rc8+ Kh7 24.Qh5  1-0

[Event "Open Dutch Champ"]
[Site "Dieren NED"]
[Date "2004.07.30"]
[Round "4"]
[White "Hoeksema,E"]
[Black "Barendse,T"]
[Result "1-0"]
[WhiteElo "2405"]
[BlackElo "2201"]

1.Nf3 d5 2.c4 e6 3.d4 Nf6 4.Nc3 Be7 5.Bg5 O-O 6.e3 h6 7.Bh4 b6 8.Bd3 Bb7
9.O-O Nbd7 10.Bg3 dxc4 11.Bxc4 Nh5 12.Qb3 a6 13.Rad1 Nxg3 14.hxg3 Nf6 15.Rfe1 Ne4
16.Bd3 Nxc3 17.Qxc3 Qc8 18.Bb1 g6 19.Ne5 c5 20.Qc2 Bf6 21.Nxg6 fxg6 22.Qxg6+ Bg7
23.Qh7+ Kf7 24.Bg6+ Kf6 25.Bh5 Bh8 26.e4 e5 27.dxe5+ Kxe5 28.Qe7+ Qe6 29.f4+  1-0

[Event "ch-AUT"]
[Site "Hartberg AUT"]
[Date "2004.07.31"]
[Round "8"]
[White "Stanec,N"]
[Black "Hoelzl,F"]
[Result "1-0"]
[WhiteElo "2562"]
[BlackElo "2373"]

1.Nf3 d5 2.c4 e6 3.b3 c5 4.g3 Nc6 5.Bg2 g6 6.Bb2 d4 7.O-O Nge7 8.d3 Bg7 9.Na3 O-O
10.Nc2 a5 11.a3 b6 12.b4 Bb7 13.bxc5 bxc5 14.Rb1 Qc7 15.Bc1 e5 16.e3 Rab8
17.Bd2 Ba6 18.Ng5 Rxb1 19.Qxb1 Rb8 20.Qd1 Nd8 21.Qe1 Nec6 22.exd4 cxd4 23.f4 Rb2
24.Qc1 Qb8 25.Ne4 Qb3 26.Ne1 Bc8 27.fxe5 Rb1 28.Qc2 Bxe5 29.Bf4 Qxc2 30.Nxc2 Rb3
31.Nc5 Rc3 32.Bxe5 Nxe5 33.Nxd4 Rxa3 34.Nb5 Ra2 35.Re1 Bh3 36.Bd5 Ng4 37.Nc3 Rxh2
38.Ne2 Kg7 39.Bf3 Ne5 40.Bh1 Ng4 41.Ne4 Ne6 42.d4 Bf1 43.Bf3 Rxe2 44.Bxe2 Bxe2
45.Rxe2 Nxd4 46.Rb2 Ne5 47.c5 Nec6 48.Kf2 Nb4 49.Ke3 Ndc6 50.Nc3 f5 51.Rd2 Ne5
52.Rd1 g5 53.Kd4 Nec6+ 54.Kc4 Kg6 55.Kb5 f4 56.g4 h5 57.Rd6+ Kh7 58.gxh5 f3
59.Ne4  1-0

[Event "9th Open"]
[Site "Creon FRA"]
[Date "2004.08.02"]
[Round "1"]
[White "Olarasu,G"]
[Black "Sudupe,F"]
[Result "1-0"]
[WhiteElo "2329"]
[BlackElo "1992"]

1.Nf3 d5 2.c4 d4 3.e3 Nc6 4.exd4 Nxd4 5.Nxd4 Qxd4 6.Nc3 Nf6 7.Be2 e5 8.O-O Bc5
9.b4 Be7 10.Bb2 O-O 11.Rb1 Qf4 12.Nb5 c6 13.Na3 e4 14.d4 exd3 15.Bxd3 Ng4
16.g3 Qh6 17.h4 Bxh4 18.Kg2 Bxg3 19.Rh1 Bh2 20.Qf3 f5 21.Rbe1 f4 22.Nc2 Qg5
23.Kf1 Ne3+ 24.Nxe3 fxe3 25.Bxh7+ Kxh7 26.Rxh2+ Kg8 27.Qxe3 Qxe3 28.Rxe3 Bf5
29.Rg3 Rf7 30.Rhg2 g6 31.Rh2 Rh7 32.Rxh7 Kxh7 33.Re3 b5 34.Re7+ Kh6 35.cxb5 Bd3+
36.Kg2 cxb5 37.Bc1+ Kh5 38.Re5+ Bf5 39.Rxb5 a6 40.Ra5 Rb8 41.a3 Rb6 42.Be3 Rc6
43.Kg3 Re6 44.Rc5 Rd6 45.Kf4 Kh4 46.Ke5 Re6+ 47.Kd5 Kg4 48.Rc4+ Kh3 49.Rf4 Rf6
50.Kc5 Kg2 51.a4 g5 52.Rd4 g4 53.Rf4 g3 54.fxg3 Kxg3 55.b5 axb5 56.axb5 Re6
57.Rxf5 Rxe3 58.b6  1-0

[Event "Open Dutch Champ"]
[Site "Dieren NED"]
[Date "2004.08.03"]
[Round "7"]
[White "De Wit,T"]
[Black "Van Rosmalen,J"]
[Result "1/2-1/2"]
[WhiteElo "2201"]
[BlackElo "2115"]

1.Nf3 d5 2.c4 c6 3.b3 Bg4 4.Ne5 Bf5 5.Bb2 e6 6.g3 Nf6 7.Bg2 Be7 8.O-O Nbd7
9.Nxd7 Qxd7 10.d3 O-O 11.Nd2 Rfd8 12.Qc2 Rac8 13.Rad1 Bg6 14.Nf3 Qc7 15.Ne5 Bh5
16.h3 Nd7 17.Nxd7 Qxd7 18.g4 Bg6 19.e4 dxe4 20.dxe4 Qc7 21.f4 Rxd1 22.Qxd1 Rd8
23.Qe2 Bc5+ 24.Kh1 f6 25.h4 Qd7 26.h5 Bf7 27.Bf3 Qd2 28.Rd1 Qxd1+ 29.Qxd1 Rxd1+
30.Bxd1 Be3 31.f5 e5 32.Kg2 h6 33.Kf3 Bc5 34.Bc3 Kf8 35.b4 Bg1 36.Be2 Ke7
37.Bd3 b6 38.a3 Bd4 39.Bxd4 exd4 40.c5 Bb3 41.Ke2 Kd7 42.Kd2 Kc7 43.Be2 b5
44.Bd3 Kd7 45.Bc2 Bxc2 46.Kxc2 Ke7 47.Kd3 Kf7 48.Kxd4 Ke7 49.Kc3 Kf7 50.a4 a6
51.axb5 axb5 52.Kd4 Ke7 53.e5 Kf7 54.Ke4 Kf8 55.Kf4  1/2-1/2

[Event "Open"]
[Site "Kavala GRE"]
[Date "2004.08.03"]
[Round "5"]
[White "Mateuta,G"]
[Black "Kouvatsou,M"]
[Result "1-0"]
[WhiteElo "2469"]
[BlackElo "2223"]

1.Nf3 d5 2.c4 e6 3.b3 Nf6 4.Bb2 Be7 5.e3 O-O 6.Be2 c5 7.O-O Nc6 8.cxd5 Nxd5
9.Na3 b6 10.Nc4 Bb7 11.Re1 Rc8 12.a3 Bf6 13.Bxf6 Nxf6 14.Qc2 Qc7 15.Qb2 Rfd8
16.d3 Qb8 17.Rec1 Nd5 18.Bf1 h6 19.Rc2 Qc7 20.Rd1 Ba8 21.e4 Nde7 22.b4 cxb4
23.axb4 b5 24.Ncd2 Qd6 25.Rb1 Bb7 26.Rc5 a6 27.Rbc1 Ng6 28.R1c3 Nf8 29.e5 Qb8
30.Ne4 Nd7 31.Nd6 Nxc5 32.bxc5 Rc7 33.d4 Ne7 34.Nh4 Nd5 35.Rg3 Rdd7 36.Qd2 Kf8
37.Qd3 Kg8 38.Qf3 Qd8 39.Qh5 Kf8 40.Nxb7 Nf4 41.Qg4 Qg5 42.Nd6 Qxg4 43.Rxg4 Nd5
44.Rg3 b4 45.Nf3 Rd8 46.Nd2 Rb8 47.Nb3 a5 48.Nxa5 Ra8 49.Nb3 Ra2 50.h4 Rb2
51.Bc4 Nc3 52.Rf3 Rb7 53.Bxe6 Ne2+ 54.Kh2  1-0

[Event "Open"]
[Site "Charleroi BEL"]
[Date "2004.08.04"]
[Round "6"]
[White "Ivanov,MM"]
[Black "Sailer,D"]
[Result "1-0"]
[WhiteElo "2463"]
[BlackElo "2224"]

1.Nf3 d5 2.c4 e6 3.d4 c5 4.cxd5 exd5 5.Bg5 Be7 6.Bxe7 Nxe7 7.dxc5 Qa5+ 8.Nc3 Nbc6
9.e3 Qxc5 10.Be2 O-O 11.O-O Bf5 12.Nb5 Rad8 13.Rc1 Qb6 14.Qd2 h6 15.Rfd1 Be4
16.Nbd4 Rc8 17.Rc3 Nxd4 18.Nxd4 Rxc3 19.Qxc3 Rc8 20.Qd2 Rc7 21.a3 a6 22.b4 Nc6
23.f3 Bg6 24.Kf2 Ne7 25.Rc1 Rxc1 26.Qxc1 Kh7 27.g3 a5 28.Qc5 Qxc5 29.bxc5 Nc6
30.Nb5 Kg8 31.Nd6 Nd8 32.Bd1 Bd3 33.Bb3 Kf8 34.Bxd5  1-0

[Event "ch-GBR"]
[Site "Scarborough ENG"]
[Date "2004.08.04"]
[Round "3"]
[White "Summerscale,A"]
[Black "Quinn,M"]
[Result "1/2-1/2"]
[WhiteElo "2493"]
[BlackElo "2406"]

1.Nf3 d5 2.c4 dxc4 3.e4 Nf6 4.Bxc4 e6 5.e5 Nd5 6.O-O a6 7.d4 h6 8.a4 Nc6
9.Nc3 Ncb4 10.Ne4 b6 11.Qe2 Bb7 12.Bd2 Qd7 13.Rfc1 Be7 14.a5 b5 15.Bb3 O-O-O
16.Nc5 Bxc5 17.Rxc5 Kb8 18.Ne1  1/2-1/2

[Event "9th Open"]
[Site "Creon FRA"]
[Date "2004.08.05"]
[Round "5"]
[White "Prevot,J"]
[Black "Remille,T"]
[Result "1-0"]
[WhiteElo "2079"]
[BlackElo "1891"]

1.Nf3 d5 2.c4 c6 3.b3 Nf6 4.Bb2 Bg4 5.g3 e6 6.Bg2 Nbd7 7.O-O Bd6 8.d3 O-O
9.Nbd2 b5 10.Rc1 Qe7 11.Nd4 Ne5 12.N2f3 Bxf3 13.exf3 Qb7 14.f4 Ned7 15.cxd5 cxd5
16.Qd2 b4 17.Rc2 Rfc8 18.Rfc1 Nc5 19.Nf3 Nfd7 20.Bd4 a5 21.Qe3 Qb5 22.Bf1  1-0

[Event "XI Summer Open"]
[Site "Nice FRA"]
[Date "2004.08.06"]
[Round "6"]
[White "Abolianin,A"]
[Black "Palac,M"]
[Result "0-1"]
[WhiteElo "2414"]
[BlackElo "2549"]

1.Nf3 d5 2.c4 d4 3.e3 Nc6 4.exd4 Nxd4 5.Nxd4 Qxd4 6.d3 e5 7.Nc3 Ne7 8.Be3 Qd8
9.d4 exd4 10.Qxd4 Qxd4 11.Bxd4 Nc6 12.Be3 Bb4 13.Rc1 Bf5 14.Be2 O-O-O 15.O-O Nd4
16.Bxd4 Rxd4 17.Rfd1 Bxc3 18.bxc3 Rxd1+ 19.Rxd1 Re8 20.Kf1 Re5 21.g4 Be6
22.f4 Rxe2  0-1

[Event "9th Open"]
[Site "Creon FRA"]
[Date "2004.08.07"]
[Round "8"]
[White "Mihajlovskij,S"]
[Black "Boudre,JP"]
[Result "0-1"]
[WhiteElo "2380"]
[BlackElo "2352"]

1.Nf3 d5 2.c4 c6 3.g3 Nf6 4.Bg2 Bg4 5.Ne5 Be6 6.cxd5 Bxd5 7.Nf3 c5 8.O-O Nbd7
9.Nc3 Bc6 10.a3 e6 11.Rb1 c4 12.b3 cxb3 13.Qxb3 Be7 14.d4 O-O 15.Ne5 Bxg2
16.Kxg2 Rc8 17.Bf4 Nb6 18.Nb5 Ra8 19.Rfd1 Nbd5 20.Nc3 Rc8 21.Nxd5 Nxd5 22.Rd3 b6
23.e4 Nxf4+ 24.gxf4 Bd6 25.Rg3 Bxe5 26.dxe5 Qd4 27.Qf3 Rfd8 28.Re1 Rc2 29.h4 Qb2
30.Rf1 Rdd2 31.h5 Qd4 32.Kg1 Rc4 33.Qg4 g6 34.hxg6 hxg6 35.Qh4 Rd1 36.Rxd1 Qxd1+
37.Kg2 Rc1 38.Rh3 Qf1+ 39.Kf3 Rc3+ 40.Kg4 Qg1+ 41.Rg3 Qd1+ 42.Kg5 Qd8+ 43.Kg4 Qxh4+
44.Kxh4 Rxg3 45.Kxg3 Kg7 46.f5 g5 47.a4 Kh6 48.Kg4 a6 49.f3 b5 50.axb5 axb5
51.f4 gxf4 52.Kxf4 Kh5  0-1

[Event "HZ Open"]
[Site "Vlissingen NED"]
[Date "2004.08.09"]
[Round "4"]
[White "Odendahl,R"]
[Black "Kasimdzhanov,R"]
[Result "1/2-1/2"]
[WhiteElo "2377"]
[BlackElo "2640"]

1.Nf3 d5 2.c4 d4 3.g3 Nc6 4.Bg2 e5 5.O-O Nf6 6.d3 Be7 7.b4 Nxb4 8.Nxe5 O-O
9.a3 Na6 10.Nd2 Bd6 11.Nef3 Re8 12.Nb3 c5 13.a4 Bg4 14.Ba3 Qd7 15.Re1 Re7
16.Nfxd4 Be5 17.Nb5 Bxa1 18.Nxa1 Rae8 19.f3 Bh3 20.Nc2 Bxg2 21.Kxg2 Re6 22.Qd2 b6
23.Bb2 Nb8 24.Bxf6 Rxf6 25.Ne3 Nc6 26.Nd5 Rg6 27.Qf4 Nb4 28.Nxb4 cxb4 29.Qc7 Qe6
30.Qf4 Rf6 31.Qd2 Qe7 32.Qb2 a6 33.Nd4 Qe3 34.g4 h5 35.h3 h4 36.Nf5 Rxf5
37.gxf5 Qg5+ 38.Kf1 Qxf5 39.Kf2 Qxh3 40.Rg1 g6 41.e4 Rd8 42.Ke3 Qd7 43.d4 Qxa4
44.Ra1 Qc6 45.Qxb4 Qf6 46.Qb2 Qg5+ 47.Kd3 Qg3 48.Ke3 h3 49.Rh1 Rc8 50.Qh2 Qxh2
51.Rxh2 Rxc4 52.Rxh3 b5 53.d5 f6 54.Kd3 g5 55.Rh1 Ra4 56.Rc1 Kf7 57.Rc7+ Ke8
58.Rb7 Ra3+ 59.Kd4 Rxf3 60.d6 g4 61.Kd5 Re3 62.Kc6 Rc3+ 63.Kd5 Re3 64.Kc6 Rc3+
65.Kd5 Re3  1/2-1/2

[Event "ch-GBR"]
[Site "Scarborough ENG"]
[Date "2004.08.11"]
[Round "9"]
[White "Sherwin,J"]
[Black "Adams,D"]
[Result "1/2-1/2"]
[WhiteElo "2303"]
[BlackElo "2180"]

1.Nf3 d5 2.c4 c6 3.e3 Nf6 4.Nc3 g6 5.d4 Bg7 6.Bd3 O-O 7.O-O b6 8.Qe2 Bb7
9.Rd1 Ne8 10.e4 dxe4 11.Qxe4 Nd6 12.Qh4 Nd7 13.Bh6 f6 14.c5 Nf7 15.Bc4 Qc7
16.Bf4 Qd8 17.Qg3 Kh8 18.Be6 Qe8 19.cxb6 Nxb6 20.Re1 Bc8 21.Qh3 Nc4 22.Re2 Ncd6
23.Rae1 g5 24.Bxd6 Nxd6 25.Bxc8 Qxc8 26.Qxc8 Nxc8 27.Re6 Rb8  1/2-1/2

[Event "ch-ESP Abierto"]
[Site "Seville ESP"]
[Date "2004.08.16"]
[Round "4"]
[White "Barrero Garcia,C"]
[Black "Pomes Marcet,J"]
[Result "1-0"]
[WhiteElo "2268"]
[BlackElo "2396"]

1.Nf3 d5 2.c4 c6 3.d4 Nf6 4.e3 Bf5 5.Nc3 e6 6.Nh4 Bg4 7.Qb3 Qb6 8.h3 Bh5
9.c5 Qc7 10.g4 Bg6 11.g5 Ng8 12.Nxg6 hxg6 13.e4 Rh4 14.exd5 exd5 15.Be3 Ne7
16.O-O-O Nd7 17.Be2 Nf5 18.Bg4 O-O-O 19.Ne2 Re8 20.Bf4 Qa5 21.Ng3 Re6 22.Nxf5 gxf5
23.Bg3 Rxg4 24.hxg4 fxg4 25.Rh8 Qd8 26.Bf4 f5 27.Qc3 Re4 28.Bd6 Qxg5+ 29.Kb1 Qd8
30.Re1 g5 31.Rxe4 fxe4 32.a3 g3 33.Qxg3 Qf6 34.Qh3 Kd8 35.Qh7 b6 36.Rxf8+ Nxf8
37.Qc7+ Ke8 38.Qc8+  1-0

[Event "14th Open"]
[Site "Abu Dhabi UAE"]
[Date "2004.08.17"]
[Round "4"]
[White "Bogza,A"]
[Black "Hakki,I"]
[Result "0-1"]
[WhiteElo "2291"]
[BlackElo "2451"]

1.Nf3 d5 2.c4 d4 3.c5 Nc6 4.Qa4 Bd7 5.b4 a6 6.a3 g6 7.Bb2 Bg7 8.e4 Ne5 9.Qc2 Nxf3+
10.gxf3 e5 11.Bc4 Qh4 12.d3 Nf6 13.Nd2 Bh6 14.Bc1 Bh3 15.Rg1 Nh5 16.Nf1 Bxc1
17.Rxc1 Nf4 18.Qa4+ c6 19.b5 O-O 20.bxc6 bxc6 21.Ng3 Bd7 22.Nf1 Rab8 23.Qc2 Rb7
24.Rb1 Rfb8 25.Rxb7 Rxb7 26.Rg3 Qd8 27.Nd2 Qa5 28.Rg5 Be6 29.Kd1 Qxa3 30.Bxe6 fxe6
31.Nc4 Qa1+ 32.Kd2 Qf1 33.Nxe5  0-1

[Event "Knjaz Milos Jezero Open"]
[Site "Belgrade SCG"]
[Date "2004.08.18"]
[Round "2"]
[White "Trisic,D"]
[Black "Carnic,D"]
[Result "0-1"]
[WhiteElo "2132"]
[BlackElo "2235"]

1.Nf3 d5 2.c4 e6 3.g3 c6 4.d4 Nf6 5.Bg2 Nbd7 6.O-O Be7 7.Nc3 dxc4 8.e4 O-O
9.a4 e5 10.Nxe5 Nxe5 11.dxe5 Ng4 12.Qe2 Nxe5 13.Be3 Bg4 14.f3 Be6 15.Rad1 Qa5
16.Rd2 Rad8 17.Rfd1 Rd3 18.Kh1 Rfd8 19.Bf1 Bc5 20.Bf4 Rxd2 21.Rxd2 Rxd2 22.Bxd2 Qd8
23.Be3 Qb6 24.Bxc5 Qxc5 25.Qd1 h6 26.f4 Bg4 27.Qd8+ Kh7 28.Qd2 Nf3 29.Qg2 Ne1  0-1

[Event "Open A"]
[Site "Riga LAT"]
[Date "2004.08.18"]
[Round "6"]
[White "Haugli,P"]
[Black "Krivonosov,O"]
[Result "1/2-1/2"]
[WhiteElo "2362"]
[BlackElo "2455"]

1.Nf3 d5 2.c4 e6 3.b3 Nf6 4.g3 b6 5.Bg2 Bb7 6.O-O Be7 7.Bb2 O-O 8.e3 c5 9.Qe2 dxc4
10.bxc4 Nc6 11.d3 Qc7 12.Nc3 Rfd8 13.Rfd1 a6 14.Rab1 Rab8 15.Ba1 Ba8 16.Ne1 Na7
17.Bxa8 Rxa8 18.f4 Rab8 19.a4 Qc6  1/2-1/2

[Event "Open"]
[Site "Vladimir RUS"]
[Date "2004.08.19"]
[Round "2"]
[White "Kachar,V"]
[Black "Molkova,O"]
[Result "0-1"]
[WhiteElo "2367"]
[BlackElo "2131"]

1.Nf3 d5 2.c4 dxc4 3.e3 e6 4.Bxc4 Nf6 5.O-O Be7 6.d4 O-O 7.Nc3 Nbd7 8.e4 c5
9.e5 Ng4 10.Re1 Nb6 11.Bb3 cxd4 12.Nxd4 Bc5 13.Qxg4 Qxd4 14.Qg3 Re8 15.Be3 Qb4
16.Bxc5 Qxc5 17.Ne4 Qe7 18.Nf6+ Kh8 19.Nxe8 Qxe8 20.Bc2 Nd5 21.Qh4 Qg8 22.Be4 Bd7
23.Bxd5 exd5 24.Rac1 Bc6 25.Qd4 Qe8 26.e6 fxe6 27.Rc3 Qf7 28.Rf3 Qg8 29.Re5 Rc8
30.Rc3 a6 31.h4 Re8 32.Rg5 Re7 33.Qe5 Qf8 34.Rf3 Rf7 35.Qxe6 Rxf3 36.gxf3 h6
37.Rf5 Qd8 38.Qe5 d4 39.Rf7 Qg8 40.Qe7 Kh7 41.Qe6 Qe8 42.Qxe8 Bxe8 43.Rxb7 Bc6
44.Rb6 Bb5 45.Rd6 d3 46.b3 Kg8 47.a4 Be8 48.Rxa6 Bd7 49.Rd6 Bf5 50.a5 Kf7
51.a6 Ke7 52.Rxd3  0-1

[Event "Knjaz Milos Jezero Open"]
[Site "Belgrade SCG"]
[Date "2004.08.20"]
[Round "4"]
[White "Ljesar,D"]
[Black "Skare,G"]
[Result "0-1"]
[WhiteElo "2169"]
[BlackElo "2320"]

1.Nf3 d5 2.c4 c6 3.cxd5 cxd5 4.d4 Nc6 5.g3 Nf6 6.Bg2 Bf5 7.O-O a6 8.Nc3 e6
9.Nh4 Be4 10.f3 Bg6 11.Be3 Bh5 12.Qd2 Be7 13.Bh1 Nd7 14.Ng2 f6 15.Nf4 Bf7
16.Bf2 Nb6 17.b3 O-O 18.e4 dxe4 19.fxe4 e5 20.Nfd5 Nxd4 21.Bxd4 exd4 22.Qxd4 Nd7
23.Nxe7+ Qxe7 24.Nd5 Qe5 25.Qxe5 Nxe5 26.Rac1 Be8 27.Rc7 Rf7 28.Rfc1 Bc6
29.Rxf7 Kxf7 30.Bg2 Rd8 31.Rd1 Bb5 32.h3 Rc8 33.Rd2 Rc1+ 34.Kf2 a5 35.g4 h6
36.Ne3 Bd3 37.Rd1 Rc5 38.Rd2 b5 39.Nf5 b4 40.Bf1 Rc3 41.Bg2 a4 42.Nd4 a3
43.Nf5 Bb1 44.Ke2 Nd3 45.e5 fxe5 46.Bd5+ Kf6 47.Nd6 Nf4+ 48.Kd1 Rxh3 49.Be4 Bxe4
50.Nxe4+ Ke7  0-1

[Event "Paks Cup IM"]
[Site "Paks HUN"]
[Date "2004.08.21"]
[Round "1"]
[White "Feher,G"]
[Black "Macsik,T"]
[Result "1-0"]
[WhiteElo "2395"]
[BlackElo "2294"]

1.Nf3 d5 2.c4 c6 3.g3 Nf6 4.Bg2 Bg4 5.Ne5 Be6 6.cxd5 Bxd5 7.Nf3 g6 8.Nc3 Qb6
9.O-O Bg7 10.d3 Bxf3 11.Bxf3 O-O 12.Rb1 Nbd7 13.Be3 Qd8 14.Qb3 Nb6 15.Rfc1 e6
16.a4 Re8 17.a5 Nbd5 18.Nxd5 Nxd5 19.Bxd5 exd5 20.Qxb7 d4 21.Bf4 Qxa5 22.Qxc6 g5
23.Ra1 Qd8 24.Bd2 Rxe2 25.Bxg5 Qf8 26.b4 Re6 27.Qf3 h6 28.Bf4 Rb6 29.Rc4 a6
30.Bc7 Rb5 31.Qc6 Qc8 32.Re1 Qb7 33.Ba5 Qxc6 34.Rxc6 Bf8 35.Re4 Bxb4 36.Rg4+ Kh7
37.Bxb4 Rxb4 38.Rh4 a5 39.Rcxh6+ Kg7 40.Rh7+ Kf6 41.Rf4+ Ke6 42.Rfxf7 a4
43.Ra7 Rbb8 44.Rh6+ Kf5 45.Rha6 Rxa7 46.Rxa7 Rb4 47.Ra5+ Kg6 48.h4 Rb1+ 49.Kg2 Ra1
50.Rd5 a3 51.Rxd4 a2 52.Ra4  1-0

[Event "Open"]
[Site "Vladimir RUS"]
[Date "2004.08.21"]
[Round "4"]
[White "Kachar,V"]
[Black "Zakhartsov,V"]
[Result "0-1"]
[WhiteElo "2367"]
[BlackElo "2521"]

1.Nf3 d5 2.c4 e6 3.d4 c6 4.Bg5 f6 5.Bc1 Bd6 6.Nc3 f5 7.g3 Nf6 8.Bg2 O-O 9.O-O Ne4
10.Qc2 Qe7 11.b3 b6 12.Bf4 Bxf4 13.gxf4 Nd7 14.Ne5 Nxe5 15.fxe5 Nxc3 16.Qxc3 Ba6
17.a4 Rac8 18.Ra2 f4 19.Rc1 Qg5 20.Qd2 dxc4 21.bxc4 c5 22.Rc3  0-1

[Event "14th Open"]
[Site "Abu Dhabi UAE"]
[Date "2004.08.22"]
[Round "8"]
[White "Bogza,A"]
[Black "Al Tamimi,H"]
[Result "0-1"]
[WhiteElo "2291"]
[BlackElo "2169"]

1.Nf3 d5 2.c4 e6 3.e3 Nf6 4.b3 Be7 5.Bb2 O-O 6.Be2 c5 7.O-O b6 8.Qc2 Bb7
9.d3 Nbd7 10.Nbd2 Rc8 11.Rad1 Qc7 12.cxd5 Nxd5 13.Rfe1 Rfd8 14.Bf1 Qb8 15.Qb1 Bf6
16.Ne4 Bxb2 17.Qxb2 N7f6 18.Ng3 Nb4 19.Ne5 Nc6 20.Nxc6 Rxc6 21.e4 Rc7 22.d4 Rcd7
23.d5 exd5 24.Bb5 Re7 25.exd5 Rxe1+ 26.Rxe1 Bxd5 27.Nf5 Qf4 28.Ne7+ Kf8 29.Nxd5 Rxd5
30.Qe2 g6 31.Bc4 Rd7 32.a4 Kg7 33.g3 Qd4 34.Bb5 Rd6 35.Bc4 h5 36.Qf3 Rd7
37.h4 Qg4 38.Qe3 Qd4 39.Qf3 Ng4 40.Kg2 Qf6 41.Re2 Qxf3+ 42.Kxf3 Kf6 43.a5 Ne5+
44.Kg2 Nxc4 45.bxc4 bxa5 46.Ra2 Ke5 47.Re2+ Kd6 48.Ra2 Ke5 49.Re2+ Kf6 50.Ra2 Rd4
51.Rxa5 Rxc4 52.Rxa7 Rc1 53.Rc7 c4 54.Kf3 c3 55.Ke3 c2 56.Kf3 Ke6 57.Kf4 f6
58.f3 Kd6 59.Rc8 Kd5 60.Rd8+ Kc4 61.Rc8+ Kd3 62.Rd8+ Kc3 63.Rc8+ Kd2 64.Rd8+ Ke2
65.Rc8 Ra1 66.Re8+ Kf2  0-1

[Event "Knjaz Milos Jezero Open"]
[Site "Belgrade SCG"]
[Date "2004.08.22"]
[Round "6"]
[White "Kosanovic,D"]
[Black "Aksentijevic,M"]
[Result "1/2-1/2"]
[WhiteElo "2339"]
[BlackElo "2219"]

1.Nf3 d5 2.c4 e6 3.g3 Nf6 4.Bg2 Be7 5.O-O O-O 6.b3 c5 7.e3 Nc6 8.d3 b6 9.Bb2 Bb7
10.a3 Qc7 11.Qc2 Rfd8 12.Nbd2 Rac8  1/2-1/2

[Event "I Fincas Mediterranea"]
[Site "Castelldefels ESP"]
[Date "2004.08.22"]
[Round "5"]
[White "Gonzales,Jay"]
[Black "Gonzalez Valenzuela,D"]
[Result "1-0"]
[WhiteElo "2403"]
[BlackElo "2045"]

1.Nf3 d5 2.c4 c6 3.d4 Nf6 4.g3 e6 5.Bg2 Nbd7 6.Qc2 Be7 7.Nbd2 O-O 8.O-O b6
9.e4 dxe4 10.Nxe4 Bb7 11.Nxf6+ Nxf6 12.Rd1 Qc8 13.c5 Rd8 14.Bd2 Nd7 15.Bg5 Nf6
16.a3 h6 17.Bd2 Nd5 18.Rac1 Bf6 19.Qe4 Qd7 20.Bf1 Ne7 21.Bd3 Ng6 22.Qe2 Nf8
23.Be3 Qe8 24.Bf4 Rac8 25.h4 Ng6 26.Bd6 Be7 27.h5 Bxd6 28.hxg6 Bf8 29.gxf7+ Qxf7
30.Bc4 Re8 31.Re1 Kh8 32.Ne5 Qf6 33.Rc3 g5 34.Rf3 Qg7 35.Rf7  1-0

[Event "Open"]
[Site "Vladimir RUS"]
[Date "2004.08.22"]
[Round "5"]
[White "Kostin,K"]
[Black "Pechnikov,A"]
[Result "1-0"]
[WhiteElo "2313"]
[BlackElo "2133"]

1.Nf3 d5 2.c4 c6 3.e3 Nf6 4.Qc2 e6 5.b3 Bd6 6.Bb2 Nbd7 7.Nc3 O-O 8.O-O-O b6
9.g4 Nxg4 10.Rg1 f5 11.cxd5 cxd5 12.Nb5 Ndf6 13.Qc6 a6 14.Nxd6 Bd7 15.Qc2 Qe7
16.Ba3 Rfc8 17.Nxc8 Qxa3+ 18.Qb2 Rxc8+ 19.Kb1 Qxb2+ 20.Kxb2 Nxf2 21.Rc1 Rxc1
22.Kxc1 a5 23.d3 N2g4 24.Kd2 Kf8 25.Bh3 g6 26.Bxg4 Nxg4 27.Rc1 Ke7 28.Rc7 b5
29.h3 Nf6 30.Ra7 a4 31.bxa4 bxa4 32.Ne5 g5 33.Nxd7 Nxd7 34.Rxa4 h5 35.Ra8 g4
36.h4 e5 37.Rh8 Nf6 38.a4 g3 39.Ke2 e4 40.dxe4 dxe4 41.Rc8 f4 42.exf4 Nd5
43.Rg8 Nc3+ 44.Ke3 Nxa4 45.Rxg3 Kf6 46.Rg5  1-0

[Event "Knjaz Milos Jezero Open"]
[Site "Belgrade SCG"]
[Date "2004.08.23"]
[Round "7"]
[White "Trisic,D"]
[Black "Ravic,N"]
[Result "0-1"]
[WhiteElo "2132"]
[BlackElo "2041"]

1.Nf3 d5 2.c4 e6 3.g3 Nf6 4.Bg2 Be7 5.O-O O-O 6.b3 Nbd7 7.d4 c6 8.Qc2 b6
9.Nbd2 Bb7 10.Rd1 Rc8 11.Bb2 c5 12.Rac1 dxc4 13.bxc4 cxd4 14.Nxd4 Bxg2 15.Kxg2 Qc7
16.e4 Rfd8 17.f3 a6 18.Qc3 Nc5 19.Qe3 Na4 20.Ba1 Bc5 21.N2b3 e5 22.Nxc5 exd4
23.Nxa6 dxe3 24.Nxc7 Rxd1 25.Rxd1 e2 26.Re1 Rxc7 27.Rxe2 Rxc4 28.Rd2 Kf8
29.g4 Ke7 30.Kg3 b5 31.e5 Ne8 32.f4 Nc7 33.f5 Nc3 34.Kh4 N7d5 35.Rd3 b4 36.Bb2 Nf4
37.Rd6 g5+ 38.fxg6 Nxg6+ 39.Kh3 Nxe5 40.Ra6 Nxg4 41.a4 Nf2+ 42.Kg2 Nd3 43.Ba1 b3
44.Rb6 b2 45.Bxb2 Nxb2 46.Rxb2 Nxa4  0-1

[Event "3rd IM"]
[Site "Klaksvik FAI"]
[Date "2004.08.29"]
[Round "3"]
[White "Poulsen,Ma"]
[Black "Fries Nielsen,JO"]
[Result "1-0"]
[WhiteElo "2319"]
[BlackElo "2398"]

1.Nf3 d5 2.c4 dxc4 3.e3 Nf6 4.Bxc4 a6 5.a4 Nc6 6.d4 Bg4 7.Be2 e6 8.O-O Bd6
9.Nc3 O-O 10.h3 Bh5 11.Kh1 Nd5 12.Bd2 Ndb4 13.Ne4 Be7 14.Ng3 Bg6 15.Bc3 Nd5
16.Qd2 Bd6 17.Ne5 Bxe5 18.dxe5 Qg5 19.Bf3 Rad8 20.Bxd5 Rxd5 21.Qe1 Bd3 22.f4 Qh4
23.Rf3 Rfd8 24.Qf2 Bc4 25.f5 exf5 26.Rf4 Rd1+ 27.Rxd1 Rxd1+ 28.Kh2 Qd8 29.Rxc4 Qd5
30.Rf4  1-0

[Event "4th Botvinnik Mem B"]
[Site "Satka RUS"]
[Date "2004.09.01"]
[Round "7"]
[White "Zakharov,Alexander"]
[Black "Kleiman,B"]
[Result "1/2-1/2"]
[WhiteElo "2182"]
[BlackElo "2316"]

1.Nf3 d5 2.c4 c6 3.e3 Nf6 4.Nc3 e6 5.b3 Be7 6.Bb2 O-O 7.Be2 Nbd7 8.Qc2 b6
9.O-O Bb7 10.d4 Rc8 11.Rad1 b5 12.Ne5 Qc7 13.Nxd7 Qxd7 14.c5 Qc7 15.a3 a5
16.Bd3 g6 17.Nb1 Ng4 18.g3 f5 19.Nd2 Bf6 20.Nf3 Ra8 21.h3 Nh6 22.Ne5 Nf7
23.f4 Nxe5 24.dxe5 Bg7 25.Bd4 a4 26.b4 Kf7 27.g4 Bc8 28.Qf2 Qe7 29.Rd2 Rh8
30.Qf3 h5 31.gxf5 exf5 32.Rg2 Be6 33.Kh2 Rag8 34.Rfg1 Bf8 35.Qf2 Qd8 36.Be2 Be7
37.Bf3 Rg7 38.Qe2 Qg8 39.Bc3 Qh7 40.Bd4 Qh6 41.Qf2  1/2-1/2

[Event "WGM"]
[Site "Krk CRO"]
[Date "2004.09.03"]
[Round "9"]
[White "Franciskovic,B"]
[Black "Rozic,V"]
[Result "1/2-1/2"]
[WhiteElo "2121"]
[BlackElo "2187"]

1.Nf3 d5 2.c4 e6 3.g3 Nf6 4.Bg2 Be7 5.O-O O-O 6.b3 c6 7.Bb2 Nbd7 8.d3 b6
9.Qc2 Bb7 10.e4 Rc8 11.e5 Ne8 12.Nbd2 Qc7 13.Rfe1 Qb8 14.h4 Nc7 15.Ng5 h6
16.Nh3 Rfd8 17.Nf1 Nf8 18.Nh2 c5 19.Qe2 dxc4 20.Bxb7 Qxb7 21.dxc4 Ng6 22.Qg4 Rd7
23.Rad1 Rcd8 24.Rxd7 Rxd7 25.h5 Nf8 26.Nf3 Nh7 27.Qe4 Qxe4 28.Rxe4 Na6 29.Kg2 Nb4
30.a3 Nc6 31.Re3 Rd1 32.Bc3 Kf8 33.g4 Ke8 34.Kg3 Bd8 35.Nd2 Ng5 36.Nxg5 Bxg5
37.f4 Be7 38.Rd3 Rg1+ 39.Kf3 Rd1 40.Ke2 Rg1 41.Kf3 Rd1 42.Ke2  1/2-1/2

[Event "TCh-CRO"]
[Site "Rabac CRO"]
[Date "2004.09.05"]
[Round "1"]
[White "Dizdarevic,E"]
[Black "Saric,Ib"]
[Result "0-1"]
[WhiteElo "2520"]
[BlackElo "2413"]

1.Nf3 d5 2.c4 e6 3.g3 Nf6 4.Bg2 Be7 5.b3 O-O 6.O-O c5 7.Bb2 Nc6 8.d3 d4 9.e4 e5
10.Nbd2 Ne8 11.Qc2 Nd6 12.Rae1 Be6 13.Kh1 Qd7 14.Ng1 b5 15.f4 f6 16.Ba3 bxc4
17.bxc4 Nb7 18.Ndf3 Bd6 19.Nh4 Nb4 20.Qe2 Qa4 21.Bxb4 cxb4 22.Bh3 Bxh3 23.Nxh3 Qd7
24.Nf5 Nc5 25.fxe5 Bxe5 26.Nf4 g6 27.Nh6+ Kg7 28.Ng4 h5 29.Nxe5 fxe5 30.Nd5 Qg4
31.Qd2 a5 32.Rd1 Rf3 33.Rxf3 Qxf3+ 34.Kg1 Rf8 35.Ne7 h4 36.Nd5 h3 37.Qc2 Nxd3
38.c5 Nf2  0-1